| 000 | 01881nam0a2200433 4500 | ||
|---|---|---|---|
| 001 | RU\NLR\bibl\261619 | ||
| 005 | 20250620130147.0 | ||
| 021 |
_aRU _b2002-2254 _9110 |
||
| 035 | _a(NLR Aleph) 000257259 | ||
| 090 |
_a1502146 _c1502146 |
||
| 100 | _a20020426d2001 |||y0rusy50 ca | ||
| 101 | 0 | _arus | |
| 102 | _aRU | ||
| 105 | _aa ||||||||| | ||
| 200 | 1 |
_aИстория рода Скадовских герба "Доленга", его потомки и родственники в России (век XVIII - век XXI) _eДокументы и воспоминания современников _fСтроганова М.Н. |
|
| 210 |
_aМ. _cИзд-во Моск. ун-та _d2001 |
||
| 215 |
_a370 с., [18] л. ил. _cил. _d22 |
||
| 300 | _aЗагл. обл.: История рода Скадовских в России, век XVIII - век XXI | ||
| 300 | _aНа 3-й с.: К 90-летию Звенигор. биол. станции им. С.Н. Скадовского биол. фак. МГУ им. М.В. Ломоносова | ||
| 320 | _aБиблиогр.: с. 339-343 | ||
| 320 | _aИмен. указ.: с. 344-369 | ||
| 602 |
_aСкадовские (род) _92247932 _3RU\NLR\AUTH\661348517 |
||
| 610 | 0 | _aПоляки в России - История | |
| 610 | 0 | _aГенеалогия | |
| 610 | 0 | _aРоссия (до 1917 г.), генеалогия | |
| 675 |
_a929.5Скадовские _v3 _zrus |
||
| 686 |
_a03.81 _2rugasnti |
||
| 686 |
_a63.3(2) _2rubbk |
||
| 686 | _aТ214(4П)0-2 | ||
| 686 | _aТ214(2)0-21 | ||
| 700 | 1 |
_aСтроганова _bМ. Н. _gМарина Николаевна _4070 |
|
| 801 | 0 |
_aRU _bRKP _c20020426 _gPSBO |
|
| 801 | 1 |
_aRU _bRKP _c20020426 |
|
| 801 | 2 |
_aRU _bNLR _c20020621 _grcr |
|
| 942 | _cBOOK | ||
| 980 | _aNB | ||
| 980 | _aGENEAL02 | ||